[Event "Corsico op-A 40th"]
[Site "Corsico"]
[Date "2009.05.03"]
[Round "5"]
[White "Piemonti, Carlo"]
[Black "Mastrorilli, Nicola Giovanni"]
[Result "0-1"]
[WhiteElo "2016"]
[BlackElo "2012"]
[PlyCount "124"]
[EventDate "2009.05.01"]
[EventType "swiss"]
[EventRounds "6"]
[EventCountry "ITA"]
[SourceTitle "EXT 2011"]
[Source "ChessBase"]
[SourceDate "2010.11.26"]
[SourceVersion "1"]
[SourceVersionDate "2010.11.26"]
[SourceQuality "1"]

1. e4 c5 2. Nf3 d6 3. Bb5+ Bd7 4. Bxd7+ Qxd7 5. c4 Nc6 6. Nc3 Nf6 7. 0-0 Nd4 8. d3 Nxf3+ 9. Qxf3 g6 10. Nd5 Bg7 11. Rb1 0-0 12. b3 Nxd5 13. exd5 e5 14. dxe6 fxe6 15. Qe2 Bd4 16. Kh1 Rae8 17. Bb2 Qg7 18. f3 e5 19. Bc1 Qf6 20. Qe4 b6 21. Bd2 Qf5 22. Rbe1 Kg7 23. Qh4 Rf7 24. Re4 Qh5 25. Qxh5 gxh5 26. g3 Ref8 27. Kg2 Rf5 28. Ree1 Kg6 29. f4 R8f6 30. h3 exf4 31. Rxf4 Rxf4 32. gxf4 Kf5 33. Re7 Rg6+ 34. Kf3 h4 35. Rf7+ Ke6 36. Rxh7 Rg3+ 37. Ke4 Rxh3 38. f5+ Kf6 39. Rh6+ Kf7 40. Rxd6 Rh2 41. Bg5 h3 42. Rh6 Re2+ 43. Kf3 Rf2+ 44. Ke4 h2 45. Bf4 Re2+ 46. Kf3 Rf2+ 47. Kg3 Rxa2 48. Rxh2 Rxh2 49. Kxh2 Kf6 50. Kg2 Kxf5 51. Bb8 a6 52. Ba7 Kf4 53. Bxb6 Ke3 54. Ba5 Kxd3 55. Be1 Bc3 56. Bf2 Bb4 57. Kf3 a5 58. Kf4 Kc2 59. Ke5 Kxb3 60. Kd5 a4 61. Bxc5 Bxc5 62. Kxc5 a3 0-1

[Event "Corsico op-A 40th"]
[Site "Corsico"]
[Date "2009.05.02"]
[Round "3"]
[White "Castrogiovanni, Carlo"]
[Black "Piemonti, Carlo"]
[Result "0-1"]
[WhiteElo "2027"]
[BlackElo "2016"]
[PlyCount "105"]
[EventDate "2009.05.01"]
[EventType "swiss"]
[EventRounds "6"]
[EventCountry "ITA"]
[SourceTitle "EXT 2011"]
[Source "ChessBase"]
[SourceDate "2010.11.26"]
[SourceVersion "1"]
[SourceVersionDate "2010.11.26"]
[SourceQuality "1"]

1. d4 Nf6 2. c4 g6 3. Nc3 Bg7 4. e4 d6 5. Be2 0-0 6. Bg5 Nbd7 7. Qd2 Re8 8. f3 c6 9. Nh3 Qa5 10. Nf2 Rb8 11. 0-0 b5 12. cxb5 cxb5 13. b4 Qxb4 14. Rab1 Qa5 15. Nxb5 Qxd2 16. Bxd2 Ba6 17. Rfc1 Nb6 18. Kf1 Rb7 19. d5 Nfd7 20. Bc3 Bxc3 21. Nxc3 Bxe2+ 22. Nxe2 Nc5 23. Nd4 e6 24. dxe6 fxe6 25. Ke2 Kf7 26. Nd3 Nxd3 27. Kxd3 Ree7 28. Rc2 Nd7 29. Rxb7 Ne5+ 30. Kd2 Rxb7 31. Nc6 Nxc6 32. Rxc6 Ke7 33. Kc2 Kd7 34. Rc4 Rc7 35. Rxc7+ Kxc7 36. Kc3 Kc6 37. Kc4 a5 38. f4 d5+ 39. exd5+ exd5+ 40. Kd4 a4 41. a3 Kd6 42. g4 Ke6 43. Kd3 h5 44. gxh5 gxh5 45. Kd4 Kf5 46. Kxd5 Kxf4 47. Kd4 h4 48. Kd3 Kf3 49. Kd2 Kg2 50. Ke2 Kxh2 51. Kf2 h3 52. Kf1 Kg3 53. Kg1 0-1

[Event "Bratto op-A 28th"]
[Site "Bratto"]
[Date "2008.08.24"]
[Round "3"]
[White "Cardilli, Mariano"]
[Black "Piemonti, Carlo"]
[Result "1-0"]
[WhiteElo "2100"]
[BlackElo "2051"]
[PlyCount "137"]
[EventDate "2008.08.22"]
[EventType "swiss"]
[EventRounds "9"]
[EventCountry "ITA"]
[SourceTitle "CBM 126 Extra"]
[Source "ChessBase"]
[SourceDate "2008.11.05"]
[SourceVersion "1"]
[SourceVersionDate "2008.11.05"]
[SourceQuality "1"]

1. d4 Nf6 2. c4 g6 3. Nc3 Bg7 4. e4 d6 5. Nf3 0-0 6. Be2 e5 7. 0-0 Nc6 8. d5 Ne7 9. Ne1 Nd7 10. Nd3 f5 11. Bd2 Nf6 12. f3 f4 13. Rc1 g5 14. c5 Ng6 15. cxd6 cxd6 16. Nb5 Rf7 17. Qc2 Ne8 18. a4 h5 19. Nf2 Bf8 20. Qb3 Rg7 21. Rc2 Nh4 22. h3 Nf6 23. Be1 g4 24. fxg4 hxg4 25. Bxg4 Bxg4 26. Nxg4 Nxg4 27. hxg4 Rxg4 28. Qh3 Qg5 29. Bxh4 Rxh4 30. Qe6+ Kh8 31. Rf3 Qh6 32. Qxh6+ Rxh6 33. Rc7 a6 34. Na3 Kg8 35. Rxb7 Rh7 36. Rxh7 Kxh7 37. Rb3 Ra7 38. Rb6 Kg6 39. Nc4 Kh5 40. Rb8 Rc7 41. b3 Be7 42. Kf2 Kg4 43. Rg8+ Kh5 44. a5 Rb7 45. Nb6 Rc7 46. Rc8 Bh4+ 47. Kf3 Rg7 48. Rh8+ Kg5 49. Nc4 Rb7 50. Rg8+ Kf6 51. Nb6 Be1 52. Rd8 Ke7 53. Rh8 Kf6 54. Rd8 Ke7 55. Rh8 Kf6 56. Rh6+ Kg5 57. Rxd6 Bxa5 58. Nc4 Rxb3+ 59. Ke2 Bc3 60. Rxa6 Rb1 61. Re6 Rg1 62. Kd3 Bd4 63. Nxe5 Bxe5 64. Rxe5+ Kg4 65. Re8 Rxg2 66. d6 f3 67. d7 f2 68. Rf8 Rg1 69. Rxf2 1-0

[Event "Bratto op-A 27th"]
[Site "Bratto"]
[Date "2007.08.31"]
[Round "9"]
[White "Piemonti, Carlo"]
[Black "Massironi, Marco"]
[Result "0-1"]
[WhiteElo "2029"]
[BlackElo "2129"]
[PlyCount "80"]
[EventDate "2007.08.23"]
[EventType "swiss"]
[EventRounds "9"]
[EventCountry "ITA"]
[SourceTitle "CBM 120 Extra"]
[Source "ChessBase"]
[SourceDate "2007.11.01"]
[SourceVersion "1"]
[SourceVersionDate "2007.11.01"]
[SourceQuality "1"]

1. e4 c5 2. Nf3 d6 3. Bb5+ Bd7 4. Bxd7+ Qxd7 5. c4 Nf6 6. Nc3 Nc6 7. d4 cxd4 8. Nxd4 g6 9. f3 Bg7 10. Be3 Rc8 11. b3 a6 12. Rc1 0-0 13. 0-0 Ne5 14. Qd2 Rfe8 15. Kh1 Qd8 16. Nd5 Nfd7 17. Bg5 Nc5 18. Rce1 Ned3 19. b4 Nxe1 20. bxc5 dxc5 21. Bxe7 Rxe7 22. Nxe7+ Qxe7 23. Nb3 Nxf3 24. gxf3 Rd8 25. Qe3 Bd4 26. Qf4 Be5 27. Qe3 Bd4 28. Qf4 b6 29. Rd1 Bf6 30. Rd5 Rxd5 31. cxd5 Be5 32. Qg4 Qc7 33. Qg1 c4 34. Nd4 Qc5 35. Nc6 Bd6 36. Qd1 c3 37. e5 c2 38. Qc1 Qxd5 39. Qxc2 Qxf3+ 40. Qg2 Qd1+ 0-1

[Event "Bratto op-A 27th"]
[Site "Bratto"]
[Date "2007.08.28"]
[Round "6"]
[White "Pepino, Enrico"]
[Black "Piemonti, Carlo"]
[Result "0-1"]
[WhiteElo "2153"]
[BlackElo "2029"]
[PlyCount "90"]
[EventDate "2007.08.23"]
[EventType "swiss"]
[EventRounds "9"]
[EventCountry "ITA"]
[SourceTitle "CBM 120 Extra"]
[Source "ChessBase"]
[SourceDate "2007.11.01"]
[SourceVersion "1"]
[SourceVersionDate "2007.11.01"]
[SourceQuality "1"]

1. e4 c5 2. Nf3 d6 3. d4 cxd4 4. Nxd4 Nf6 5. Nc3 Nc6 6. Be3 Ng4 7. Bc4 Nxe3 8. fxe3 Ne5 9. Bb3 e6 10. Qh5 g6 11. Qe2 Bg7 12. 0-0-0 a6 13. g4 h6 14. Kb1 Qc7 15. h4 Bd7 16. h5 g5 17. Rhf1 0-0 18. Nf5 exf5 19. Nd5 Qd8 20. exf5 Bf6 21. Rd2 Bc6 22. Rfd1 Bxd5 23. Rxd5 Qe7 24. Rxd6 Rad8 25. Rxd8 Rxd8 26. Bd5 Qb4 27. e4 Nc4 28. c3 Bxc3 29. Bxf7+ Kxf7 30. Rxd8 Nd2+ 31. Rxd2 Bxd2 32. Qd3 Bf4 33. Qd5+ Ke8 34. f6 Qe1+ 35. Kc2 Qc1+ 36. Kb3 Qe3+ 37. Kc2 Qf2+ 38. Kb3 Qb6+ 39. Kc2 Qc6+ 40. Qxc6+ bxc6 41. Kd3 Be5 42. b3 Bxf6 43. Kc4 Kd7 44. Kc5 Kc7 45. a4 a5 0-1

[Event "Bratto op-A 27th"]
[Site "Bratto"]
[Date "2007.08.26"]
[Round "4"]
[White "Bonazzi, Edoardo"]
[Black "Piemonti, Carlo"]
[Result "1/2-1/2"]
[WhiteElo "2185"]
[BlackElo "2029"]
[PlyCount "127"]
[EventDate "2007.08.23"]
[EventType "swiss"]
[EventRounds "9"]
[EventCountry "ITA"]
[SourceTitle "CBM 120 Extra"]
[Source "ChessBase"]
[SourceDate "2007.11.01"]
[SourceVersion "1"]
[SourceVersionDate "2007.11.01"]
[SourceQuality "1"]

1. Nf3 Nf6 2. c4 b6 3. g3 Bb7 4. Bg2 c5 5. 0-0 g6 6. Nc3 Bg7 7. d4 cxd4 8. Qxd4 d6 9. Rd1 0-0 10. Qh4 Nbd7 11. Be3 a6 12. Rac1 Rc8 13. b3 Nc5 14. Bh3 Rc7 15. Ne1 Bc8 16. b4 Ncd7 17. Nd5 Nxd5 18. cxd5 Bf6 19. Qe4 Bb2 20. Rxc7 Qxc7 21. Qxe7 Bf6 22. Qe4 b5 23. Rc1 Qb7 24. Rc6 Ne5 25. Bxc8 Rxc8 26. Rxc8+ Qxc8 27. Qc2 Qc4 28. Qxc4 Nxc4 29. Bf4 Nb6 30. e4 Nc4 31. Kf1 Bc3 32. Nd3 Nd2+ 33. Bxd2 Bxd2 34. Ke2 Bc3 35. Kd1 f5 36. Kc2 Bd4 37. exf5 gxf5 38. Kd2 Kf7 39. Ke2 Kf6 40. Kf3 Bc3 41. h3 h5 42. Ke3 Kg5 43. f3 Kf6 44. Ke2 Kg5 45. Kd1 Bd4 46. Kd2 Bg1 47. Ke2 Bd4 48. Kd2 Bg1 49. Nf4 Bf2 50. Ne6+ Kf6 51. g4 fxg4 52. fxg4 hxg4 53. hxg4 Ke5 54. Nc7 Bb6 55. Nxa6 Kxd5 56. Nb8 Bc7 57. Nd7 Ke6 58. Nf8+ Kf7 59. Nh7 Bd8 60. g5 Kg7 61. Nf6 Bxf6 62. gxf6+ Kxf6 63. Kc3 Ke5 64. Kb3 1/2-1/2

[Event "Bratto op-A 27th"]
[Site "Bratto"]
[Date "2007.08.24"]
[Round "2"]
[White "Mogranzini, Roberto"]
[Black "Piemonti, Carlo"]
[Result "1-0"]
[WhiteElo "2411"]
[BlackElo "2029"]
[PlyCount "59"]
[EventDate "2007.08.23"]
[EventType "swiss"]
[EventRounds "9"]
[EventCountry "ITA"]
[SourceTitle "CBM 120 Extra"]
[Source "ChessBase"]
[SourceDate "2007.11.01"]
[SourceVersion "1"]
[SourceVersionDate "2007.11.01"]
[SourceQuality "1"]

1. e4 c5 2. Nf3 Nc6 3. d4 cxd4 4. Nxd4 Nf6 5. Nc3 d6 6. Be2 e6 7. 0-0 Be7 8. Be3 a6 9. a4 0-0 10. f4 Qc7 11. Kh1 Bd7 12. Nb3 b6 13. Bf3 Rab8 14. Qe2 Bc8 15. Rad1 Bb7 16. Qf2 Nd7 17. Qg3 Rfe8 18. Nd4 Bf8 19. Be2 Nc5 20. Bd3 Nxd3 21. cxd3 Nxd4 22. Bxd4 f5 23. Rc1 Qd7 24. exf5 exf5 25. Bxb6 Ba8 26. a5 Re6 27. Rc2 Rbe8 28. d4 Re3 29. Qf2 Qe6 30. d5 1-0

[Event "Erba op-A 1st"]
[Site "Erba"]
[Date "2007.02.23"]
[Round "1"]
[White "Piemonti, Carlo"]
[Black "Martinez, Rolly"]
[Result "0-1"]
[WhiteElo "2047"]
[BlackElo "2419"]
[PlyCount "102"]
[EventDate "2007.02.23"]
[EventType "swiss"]
[EventRounds "5"]
[EventCountry "ITA"]
[SourceTitle "EXT 2010"]
[Source "ChessBase"]
[SourceDate "2010.11.25"]
[SourceVersion "1"]
[SourceVersionDate "2010.11.25"]
[SourceQuality "1"]

1. e4 c5 2. Nf3 Nc6 3. Bb5 e6 4. Bxc6 bxc6 5. 0-0 Ne7 6. c4 Ng6 7. d4 cxd4 8. Qxd4 c5 9. Qe3 Be7 10. b3 0-0 11. Bb2 Bb7 12. Nbd2 Qc7 13. Rfe1 e5 14. Rad1 d6 15. Nb1 f5 16. Nc3 fxe4 17. Nxe4 Rf4 18. Nfd2 Raf8 19. f3 Nh4 20. Rf1 Nf5 21. Qd3 Nd4 22. Nc3 Qc8 23. Bc1 Qe6 24. Nde4 R4f5 25. Kh1 h6 26. Rde1 Bh4 27. Rd1 Kh8 28. Be3 a6 29. Qd2 Bd8 30. Qd3 Ba5 31. Ng3 R5f7 32. Nce4 Bc6 33. Nh5 Bd8 34. Nhg3 a5 35. Rde1 g5 36. Nh5 Qg6 37. Nhg3 Rg8 38. a3 h5 39. b4 h4 40. Ne2 h3 41. Bxd4 hxg2+ 42. Kxg2 cxd4 43. b5 g4 44. N2g3 Bb7 45. fxg4 Rf4 46. h3 Bh4 47. Rxf4 exf4 48. Qxd4+ Qg7 49. Qxg7+ Rxg7 50. Nf5 Bxe1 51. Nxg7 Bxe4+ 0-1

[Event "Bratto op 26th"]
[Site "Bratto"]
[Date "2006.08.20"]
[Round "2"]
[White "Rosin, Federico"]
[Black "Piemonti, Carlo"]
[Result "1-0"]
[WhiteElo "2135"]
[BlackElo "2058"]
[PlyCount "91"]
[EventDate "2006.08.19"]
[EventType "swiss"]
[EventRounds "9"]
[EventCountry "ITA"]
[SourceTitle "CBM 113 Extra"]
[Source "ChessBase"]
[SourceDate "2006.09.14"]
[SourceVersion "1"]
[SourceVersionDate "2006.09.14"]
[SourceQuality "1"]

1. e4 c5 2. Nf3 d6 3. d4 cxd4 4. Nxd4 Nf6 5. Nc3 Nc6 6. f3 e5 7. Nb3 a6 8. Be3 Be7 9. Qd2 b5 10. 0-0-0 Na5 11. Nxa5 Qxa5 12. Kb1 Be6 13. g4 h6 14. Be2 Rc8 15. Nd5 Qxd2 16. Rxd2 Bxd5 17. exd5 Nd7 18. a4 Rb8 19. axb5 axb5 20. Rd3 Bg5 21. Bf2 Nf6 22. h4 Bf4 23. Rhd1 0-0 24. Rb3 Ra8 25. Rxb5 Ra4 26. b3 Ra3 27. Kb2 Raa8 28. Bd3 e4 29. Bxe4 Rfe8 30. Bd3 Be5+ 31. c3 Nd7 32. Bc2 Ra6 33. Bd4 Bf4 34. Be4 Rea8 35. Bb1 Ne5 36. Bxe5 Bxe5 37. Re1 Rc8 38. Rxe5 dxe5 39. c4 Rd8 40. c5 g6 41. d6 Kf8 42. g5 hxg5 43. hxg5 Ke8 44. Be4 Kd7 45. Rb7+ Ke6 46. Re7# 1-0

[Event "Como Province-ch"]
[Site "Mariano Comense"]
[Date "2005.03.13"]
[Round "6"]
[White "Gagliardi, Christian"]
[Black "Piemonti, Carlo"]
[Result "1/2-1/2"]
[WhiteElo "2091"]
[BlackElo "1850"]
[PlyCount "106"]
[EventDate "2005.03.05"]
[EventType "swiss"]
[EventRounds "6"]
[EventCountry "ITA"]
[SourceTitle "EXT 2024"]
[Source "ChessBase"]
[SourceDate "2023.10.10"]
[SourceVersion "1"]
[SourceVersionDate "2023.10.10"]
[SourceQuality "1"]

1. e4 c5 2. Nf3 d6 3. d4 cxd4 4. Nxd4 Nf6 5. Nc3 Nc6 6. Bc4 Qb6 7. Nb3 e6 8. Be3 Qc7 9. Be2 Be7 10. 0-0 a6 11. a4 b6 12. f4 0-0 13. Bf3 Bb7 14. Qe1 Nd7 15. Rd1 Nc5 16. Qf2 Rac8 17. Rd2 Nd7 18. Rfd1 Rfd8 19. Qg3 Nc5 20. Nd4 Bf8 21. f5 Ne5 22. fxe6 fxe6 23. Be2 Re8 24. Qh3 Qe7 25. Bf2 Ng6 26. Qg3 Bxe4 27. b4 e5 28. bxc5 exd4 29. cxd6 Qxd6 30. Nxe4 Rxe4 31. Qxd6 Bxd6 32. Bxa6 Rf8 33. Bd3 Rg4 34. h3 Rg5 35. Bxg6 Rxg6 36. Bxd4 Bb4 37. c3 Bc5 38. Bxc5 bxc5 39. Rd5 Rc6 40. Ra1 Rc7 41. a5 Kf7 42. c4 Ra8 43. Kf2 Re8 44. Kf3 g6 45. Rb1 Kf6 46. Rb5 Rec8 47. Ke4 Re7+ 48. Kf4 h6 49. Rdxc5 g5+ 50. Kf3 Rce8 51. Rc6+ Kg7 52. Rb3 Re1 53. Rb7+ Kg8 1/2-1/2

[Event "Como Province-ch"]
[Site "Mariano Comense"]
[Date "2005.03.06"]
[Round "2"]
[White "Napoli, Ferdinando"]
[Black "Piemonti, Carlo"]
[Result "1-0"]
[WhiteElo "1862"]
[BlackElo "1850"]
[PlyCount "47"]
[EventDate "2005.03.05"]
[EventType "swiss"]
[EventRounds "6"]
[EventCountry "ITA"]
[SourceTitle "EXT 2024"]
[Source "ChessBase"]
[SourceDate "2023.10.10"]
[SourceVersion "1"]
[SourceVersionDate "2023.10.10"]
[SourceQuality "1"]

1. e4 c5 2. Nf3 d6 3. d4 cxd4 4. Nxd4 Nf6 5. Nc3 Nc6 6. Bg5 e6 7. Qd2 a6 8. 0-0-0 h6 9. Be3 Nxd4 10. Bxd4 b5 11. f3 Qa5 12. Kb1 b4 13. Ne2 e5 14. Bf2 Be6 15. Nc1 Rb8 16. Qd3 Ra8 17. g3 Qc7 18. h4 Be7 19. Bh3 Bc4 20. Qe3 Nd7 21. f4 Nc5 22. Nb3 Na4 23. fxe5 dxe5 24. Bd7+ 1-0